الوجيز في عقود التجارة الالكترونية ( أركانها - إثباتها - حمايتها ( التشفير ) التوقيع الالكتروني - القانون الواجب التطبيق ) دراسة مقارنة / (رقم التسجيلة. 142927)

تفاصيل مارك
000 -LEADER
fixed length control field 00787nam a22001937a 4500
005 - DATE AND TIME OF LATEST TRANSACTION
control field 20251108175816.0
008 - FIXED-LENGTH DATA ELEMENTS--GENERAL INFORMATION
fixed length control field 250721s2011 xx 000 0 ara d
082 14 - DEWEY DECIMAL CLASSIFICATION NUMBER
Classification number 346.0700285/مطا
100 1# - MAIN ENTRY--PERSONAL NAME
Personal name المطالقة، محمد فواز
245 10 - TITLE STATEMENT
Title الوجيز في عقود التجارة الالكترونية ( أركانها - إثباتها - حمايتها ( التشفير ) التوقيع الالكتروني - القانون الواجب التطبيق ) دراسة مقارنة /
250 ## - EDITION STATEMENT
Edition statement ط3.
264 1# - PRODUCTION, PUBLICATION, DISTRIBUTION, MANUFACTURE, AND COPYRIGHT NOTICE
Place of production, publication, distribution, manufacture عمان :
Name of producer, publisher, distributor, manufacturer دار الثقافة للنشر و التوزيع،
Date of production, publication, distribution, manufacture, or copyright notice 2011.
300 ## - PHYSICAL DESCRIPTION
Extent 352ص.
650 17 - SUBJECT ADDED ENTRY--TOPICAL TERM
Topical term or geographic name as entry element التجارة الالكترونية
650 17 - SUBJECT ADDED ENTRY--TOPICAL TERM
Topical term or geographic name as entry element العقود
650 17 - SUBJECT ADDED ENTRY--TOPICAL TERM
Topical term or geographic name as entry element الالتزامات
942 ## - ADDED ENTRY ELEMENTS (KOHA)
Source of classification or shelving scheme Dewey Decimal Classification
Koha item type كتب
المقتنيات
حالة السحب حالة الفقدان مصدر التصنيف حالة التلف غير قابل للإعارة المكتبة الرئيسية المكتبة الحالية موقع الرف تاريخ التزويد الرقم المتسلسل Total Checkouts رقم الإستدعاء الباركود تاريخ آخر ظهور تاريخ الفاتورة نوع المادة (كوها)
    Dewey Decimal Classification     المكتبة المركزية المكتبة المركزية الإعارة 28/07/2025 1758631   346.0700285/مطا PLD00493734 28/07/2025 28/07/2025 كتب
    Dewey Decimal Classification     مكتبة أبو علندا العامة مكتبة أبو علندا العامة الإعارة 15/11/2021 1758632   346.0700285/مطا PLD00494209 28/07/2025 15/11/2021 كتب
    Dewey Decimal Classification     مكتبة الجويدة مكتبة الجويدة الإعارة 15/11/2021 1758633   346.0700285/مطا PLD00494210 28/07/2025 15/11/2021 كتب
Implemented & Customized by: BBB with SCIT (Smart Chains for Information Technology)

Powered by Koha